Hikayat Sultan Ibrahim Ibn Adham (Record no. 12496)

MARC details
000 -LEADER
fixed length control field 00661nam a2200241 a 4500
020 ## - INTERNATIONAL STANDARD BOOK NUMBER
ISBN 0819170
082 00 - DEWEY DECIMAL CLASSIFICATION NUMBER
Classification number 899.283
Author Cutter IBN
100 ## - MAIN ENTRY--AUTHOR NAME
Author name Ibn Adham, Ibrahim
245 ## - TITLE STATEMENT
Title Hikayat Sultan Ibrahim Ibn Adham
Sub title an Edition of an Anonymous Malay Text
260 ## - PUBLICATION, DISTRIBUTION, ETC. (IMPRINT)
Place of publication New York
Name of publisher University Press of Americ
Year of publication 1985
300 ## - PHYSICAL DESCRIPTION
Number of Pages 332p
500 ## - GENERAL NOTE
General note includes index and biblioraphy
505 2# - FORMATTED CONTENTS NOTE
Formatted contents note Index
650 ## - SUBJECT ADDED ENTRY--TOPICAL TERM
Topical Term Ibrahim Ibn Adham-Legends
942 ## - ADDED ENTRY ELEMENTS (KOHA)
Koha item type Books
700 1# -
-- Ibn Adham, Ibrahim
Holdings
Collection code Home library Current library Date acquired Cost, normal purchase price Full call number Accession Number Koha item type
  Henry Martyn Institute Library Henry Martyn Institute Library 06/04/2007 720.00 899.283 IBN 015167 Books
                   Copyright © 2026 | Henry Martyn Institute | Hyderabad | TS-500052 | INDIA | Implemented by hmi.edu.in
Hit-Count:

Powered by Koha